Nástroje na meranie individuálnych preferencií k intuitívnemu rozhodovaniu

Spôsoby merania intuície, a to ako kognitívneho štýlu, osobnostnej dispozície alebo rozhodovacieho štýlu. Zosumarizovenie merania intuície a tiež aj racionalizácie. Zhrnutie a porovnanie dotazníkov.

Gespeichert in:
Bibliographische Detailangaben
1. Verfasser: Hanák, Róbert, 1979-
Format: Buchkapitel
Sprache:Slowakisch
Schlagworte:
Tags: Tag hinzufügen
Keine Tags, Fügen Sie das erste Tag hinzu!

MARC

LEADER 00000naa$a2200000$$$4500
001 0177752
005 20240502073026.6
041 0 |a slo 
044 |a SK 
245 1 0 |a Nástroje na meranie individuálnych preferencií k intuitívnemu rozhodovaniu  |c Róbert Hanák 
520 |a Spôsoby merania intuície, a to ako kognitívneho štýlu, osobnostnej dispozície alebo rozhodovacieho štýlu. Zosumarizovenie merania intuície a tiež aj racionalizácie. Zhrnutie a porovnanie dotazníkov. 
610 2 0 |a metódy vied spoločenských 
610 2 0 |a štúdie 
610 2 0 |a psychológia aplikovaná 
610 2 0 |a metódy rozhodovania 
610 2 0 |a meranie 
610 2 0 |a dotazníky 
100 1 |a Hanák, Róbert, 1979-